| 000 | 01457nam a22003017a 4500 | ||
|---|---|---|---|
| 001 | 5562 | ||
| 003 | FISKH | ||
| 005 | 20241217162611.0 | ||
| 008 | 241217b cb ||||| |||| 00| 0 eng d | ||
| 020 | _a9715048323 | ||
| 040 |
_aFISKH _beng _cFISKH _dFISKH |
||
| 050 | _aPR3403.A1 | ||
| 082 | _a823.5 | ||
| 100 | _aDefoe, Daniel | ||
| 245 |
_aRobinson Crusoe / _cRetold by Anne de Graaf : illustrated by Francois Ruyer |
||
| 250 | _aPhilippine edition published in 1997 | ||
| 260 |
_aDenmark : _bScandinavia Publishing House ; _c1990 . |
||
| 300 |
_a64 pages : _bcolor illustrations ; _c25 cm . |
||
| 490 | _aThe classic for children | ||
| 505 | _aS | ||
| 520 | _aRobinson Crusoe is the fictional autobiography of the title character. As a young man, Crusoe sets out from England on a disastrous sea voyage. His passion for seafaring remains undiminished and so he sets out again, only to be shipwrecked a third time. His journey takes him to Brazil where he becomes a plantation owner. A third and final shipwrecking, however, leaves him stranded for 28 years on a remote island. There he becomes a devout Christian and believes his life lacks nothing but society. The work is sometimes credited with being the first English novel. . | ||
| 521 | 8 |
_a790
_bLexile estimate |
|
| 521 | 8 |
_aS
_bRaz-Plus |
|
| 650 |
_a18th century _vfiction |
||
| 700 |
_aRuyer, Francois _eillustrator |
||
| 942 |
_2ddc _cBK _n0 |
||
| 999 |
_c5562 _d5562 |
||